000
00252nam a2200109Ia 4500
008
240625s9999 xx 000 0 und d
041
_a
eng
082
_a
658.15224 BEA
100
_a
BEAL DIANA
245
_a
INTRODUCING CORPORATE FINANCE
260
_c
2008
999
_c
38200
_d
38200